000 00666nam a2200241Ia 4500
003 OSt
005 20220926022655.0
006 a|||||r|||| 00| 0
007 ta
008 220923b |||||||| |||| 00| 0 eng d
037 _cGeneral Book
040 _aRTL
_cRTL
_beng
041 _2eng
_aeng
082 _aV1N45.P04, P4.1/UN
110 _aUNITED NATIONS.
245 0 _aMultilateral treaties deposited with the secretary-general.
260 _aNew York
_bUnited Nations.
_c2005
300 _aliv; 897p.
_ccm.
490 _vV.1
700 _aUNITED NATIONS.
942 _hV1N45.P04, P4.1/UN
_cGB
_2CC
999 _c640029
_d640029